000 01135nam a2200337 i 4500
001 000017160
003 DO-SdBNP
005 20240307073946.0
007 ta
008 100319s1984 dr ab 000 0 spa d
040 _aDO-SdBNP
_bspa
_cBNPHU
_erda
049 _aBNPD
082 4 _bU15m
_222
100 1 _aUbiera, Angélica
_937788
_eautora
245 1 0 _aManual de letras básicas /
_cAngélica Ubiera, Belén Capestany, Sulamita Puig.
264 4 _aSanto Domingo :
_bUniversitaria-UASD,
_c1984.
300 _a210 páginas:
_bilustraciones ; mapas;
_c28 cm.
336 _2rdacontent
_atexto
_btxt
337 _2rdamedia
_asin mediación
_bn
338 _2rdacarrier
_avolumen
_bnc
490 1 _aPublicaciones de la Universidad Autónoma de Santo Domingo
_v342
490 1 _aEducación y sociedad
_v24
500 _aIncluye notas al pie de páginas
504 _aBibliografía : p. 209-210
590 _ainventariado, 2023/BT
700 1 _aCapestany, Belén,
_937789
_eautora
700 1 _aPuig, Sulamita,
_937790
_eautora
710 1 _aUniversidad Autónoma de Santo Domingo
_972951
910 _aBtavarez
942 _2ddc
_cLBS1
999 _c16686
_d16686